000 00822nam0a22002531 4500
001 rc\105469
005 20250620183051.0
035 _a(NLR Aleph) 005367442
090 _a6963961
_c6963961
100 _a20021216d1995 |||y0rusy50 ca
101 0 _arus
102 _aRU
105 _ay |||||||||
200 1 _aУверенность в спасении, надежность и радость спасения
_e[Пер. с англ.]
210 _a[М.]
_cБ. и.
_d[1995]
215 _a21 с.
_d17
300 _aПер. изд.: The assurance, security and joy of salvation (Anaheim)
300 _aНа тит. л.: Анахайм: Живой поток
700 1 _aЛи
_bУ.
_f-1997
_gУитнесс
801 0 _aRU
_bNLR
_gpsbo
801 1 _aRU
_bELAR
_2rusmarc
852 _aNLR
_j95-1/313
942 _cBOOK
980 _aNB